[Event "Challenge"]
[Site "http://www.queenalice.com/game.php?id=659"]
[Date "2004.9.13"]
[Round "-"]
[White "dnptrs"]
[Black "trainspoti"]
[Result "1-0"]
[WhiteElo "1645"]
[BlackElo "1500"]

1. d4 c6 2. Nf3 d5 3. e3 Bg4 4. c4 e6 5. Nc3 Nf6 6. a3 Nbd7 7. cxd5 cxd5 8. Bd3
Bd6 9. O-O O-O 10. b4 e5 11. Be2 Qc7 12. Nb5 Qb8 13. Nxd6 Qxd6 14. dxe5 Nxe5 15.
Bb2 Bxf3 16. Bxf3 Nxf3+ 17. Qxf3 Ne4 18. Rfd1 Rad8 19. Rd4 Ng5 20. Qh5 Qg6 21.
Qxg6 1-0

[Event "La muerte"]
[Site "http://www.queenalice.com/game.php?id=1136"]
[Date "2004.10.14"]
[Round "-"]
[White "neves"]
[Black "trainspoti"]
[Result "1-0"]
[WhiteElo "1450"]
[BlackElo "1286"]

1. e4 c6 2. d3 d5 3. c4 dxc4 4. dxc4 Qxd1+ 5. Kxd1 e5 6. f3 Be6 7. b3 Na6 8. Nc3
O-O-O 9. Bd2 Bb4 10. Nge2 Nf6 11. a3 Bxc3 12. Nxc3 Nc5 13. b4 Nb3 14. Rb1 Nxd2
15. Ke2 Nxb1 16. Nxb1 Bxc4+ 17. Kf2 Bxf1 18. Rxf1 Rd3 19. Ke2 Rhd8 20. a4 Nh5
21. g3 g5 22. g4 Nf4+ 23. Kf2 Rd1 24. Rxd1 Rxd1 25. Nc3 Rd2+ 26. Ke3 Rd3+ 27.
Kf2 Rxc3 28. a5 Rb3 29. Kg3 Rxb4 30. h4 1-0

[Event "Challenge"]
[Site "http://www.queenalice.com/game.php?id=1253"]
[Date "2004.10.18"]
[Round "-"]
[White "trainspoti"]
[Black "SethK"]
[Result "0-1"]
[WhiteElo "1229"]
[BlackElo "1941"]

1. e4 c5 2. Nf3 Nc6 3. d4 cxd4 4. Nxd4 d6 5. Nc3 Nf6 6. Bc4 e5 7. Ndb5 a6 8. Na3
b5 9. Bb3 b4 10. Nd5 bxa3 11. bxa3 Nxe4 12. O-O Be7 13. f4 O-O 14. Bb2 Nf6 15.
Nxe7+ Qxe7 16. fxe5 dxe5 17. Qf3 Bb7 18. Rad1 Nd4 19. Qe3 Nxb3 20. cxb3 Nd5 21.
Qxe5 Qxe5 22. Bxe5 Ne3 23. Rd7 Nxf1 24. Kxf1 Bc6 25. Rc7 Bb5+ 26. Kf2 f6 0-1

[Event "Train"]
[Site "http://www.queenalice.com/game.php?id=1264"]
[Date "2004.10.18"]
[Round "-"]
[White "davihulse"]
[Black "trainspoti"]
[Result "1-0"]
[WhiteElo "1452"]
[BlackElo "1241"]

1. e4 c6 2. d4 d5 3. e5 Bf5 4. Nf3 e6 5. Bg5 Be7 6. Bd3 Bxd3 7. Qxd3 Bxg5 8. O-O
Nd7 9. Nc3 Bh6 10. a4 Ne7 11. Ra3 O-O 12. Rb3 Rb8 13. Re1 Nf5 14. Ne2 c5 15. Rb5
cxd4 16. g4 Nh4 17. Nfxd4 a6 18. Rb3 Nc5 19. Nc6 bxc6 20. Rxb8 Nxd3 21. Rxd8
Rxd8 22. cxd3 Nf3+ 23. Kf1 Nxh2+ 24. Kg2 Nxg4 25. d4 f5 26. Kg3 Rb8 27. Rb1 1-0

[Event "AUTO-ADV-01"]
[Site "http://www.queenalice.com/game.php?id=1304"]
[Date "2004.10.20"]
[Round "1"]
[White "divukman"]
[Black "trainspoti"]
[Result "1-0"]
[WhiteElo "1714"]
[BlackElo "1213"]

1. d4 g6 2. c4 Bg7 3. Nc3 Nf6 4. Bf4 O-O 5. e3 d6 6. Nf3 Bg4 7. h3 Bxf3 8. Qxf3
c6 9. Bd3 Nbd7 10. O-O c5 11. Qxb7 cxd4 12. exd4 Rb8 13. Qxa7 Rxb2 14. Nb5 e5
15. Bc1 e4 16. Bxb2 exd3 17. Nxd6 Qb6 18. Qxb6 Nxb6 19. c5 Nbd5 20. Rfd1 Nb4 21.
a3 Nc2 22. Ra2 Nd5 23. Rxd3 Nf4 24. Rd2 Ne1 25. d5 Bxb2 26. Raxb2 Ned3 27. Rbc2
1-0

[Event "AUTO-ADV-01"]
[Site "http://www.queenalice.com/game.php?id=1305"]
[Date "2004.10.20"]
[Round "1"]
[White "trainspoti"]
[Black "divukman"]
[Result "0-1"]
[WhiteElo "1213"]
[BlackElo "1714"]

1. e4 e5 2. Nf3 Nf6 3. Nxe5 Nxe4 4. d4 d6 5. Nxf7 Qe7 6. Nxd6+ Nxd6+ 7. Qe2 Bf5
8. Qxe7+ Bxe7 9. Bd3 Bxd3 10. cxd3 Nc6 11. Be3 Bf6 12. O-O O-O-O 13. Nd2 Nxd4
14. Ne4 Nxe4 15. dxe4 Rhe8 16. Rad1 Rxe4 17. g3 Ne2+ 18. Kg2 Rxd1 19. Rxd1 Nd4
20. Bf4 Ne6 21. f3 Nxf4+ 22. gxf4 Bxb2 23. fxe4 c5 24. e5 c4 25. Rd2 c3 26. Rc2
Kd7 0-1

[Event "AUTO-ADV-01"]
[Site "http://www.queenalice.com/game.php?id=1310"]
[Date "2004.10.20"]
[Round "1"]
[White "trainspoti"]
[Black "gamelover"]
[Result "0-1"]
[WhiteElo "1220"]
[BlackElo "1723"]

1. e4 c5 2. Nf3 d6 3. d4 cxd4 4. Nxd4 Nf6 5. Nc3 g6 6. Be3 Bg7 7. Bd3 O-O 8. O-O
Ng4 9. Qd2 Nxe3 10. fxe3 Nc6 11. Nxc6 bxc6 12. Rad1 Rb8 13. b3 Qb6 14. Na4 Qb4
15. c3 Qa5 16. c4 Qg5 17. Rf3 Bg4 18. Rg3 Be5 19. Be2 Bxg3 20. Bxg4 Bxh2+ 21.
Kxh2 Qxg4 22. Nc3 f5 23. Ne2 fxe4 24. Nf4 Rf5 25. c5 d5 0-1

[Event "AUTO-ADV-01"]
[Site "http://www.queenalice.com/game.php?id=1311"]
[Date "2004.10.20"]
[Round "1"]
[White "gamelover"]
[Black "trainspoti"]
[Result "1-0"]
[WhiteElo "1725"]
[BlackElo "1220"]

1. d4 c6 2. c4 d5 3. Nf3 Nf6 4. e3 Bg4 5. Qb3 Qc7 6. Ne5 e6 7. cxd5 exd5 8. Nxg4
Nxg4 9. Nc3 Bd6 10. Be2 Nxh2 11. Bd2 f5 12. Qc2 Nd7 13. Qxf5 Rf8 14. Qe6+ Be7
15. Qh3 O-O-O 16. Qxh2 Qxh2 17. Rxh2 h6 18. f3 c5 19. Nxd5 Bd6 20. f4 cxd4 21.
e4 Bc5 22. Rc1 Kb8 23. b4 Bb6 24. Rh5 Nf6 25. Nxf6 1-0

[Event "AUTO-OPEN-08"]
[Site "http://www.queenalice.com/game.php?id=1324"]
[Date "2004.10.21"]
[Round "1"]
[White "trainspoti"]
[Black "voltesfive"]
[Result "0-1"]
[WhiteElo "1217"]
[BlackElo "1536"]

1. e4 e5 2. Nf3 d6 3. d4 Bg4 4. Be2 Nd7 5. dxe5 Nxe5 6. Nxe5 Bxe2 7. Qxe2 dxe5
8. O-O a6 9. Nc3 Bd6 10. f4 Nf6 11. Be3 O-O 12. fxe5 Bxe5 13. Rad1 Qe8 14. Nd5
Nxe4 15. Bd4 Bd6 16. Qg4 g6 17. Rde1 f5 18. Qh4 Qc6 19. Qh6 Rf7 20. Nc3 Re8 21.
Nxe4 Rxe4 22. Rxe4 Qxe4 23. Qe3 Qd5 24. Rd1 Re7 25. Qc3 Re2 0-1

[Event "AUTO-OPEN-08"]
[Site "http://www.queenalice.com/game.php?id=1325"]
[Date "2004.10.21"]
[Round "1"]
[White "voltesfive"]
[Black "trainspoti"]
[Result "1-0"]
[WhiteElo "1532"]
[BlackElo "1220"]

1. e4 c6 2. d4 d5 3. e5 Bf5 4. Bd3 Bxd3 5. Qxd3 e6 6. Nf3 Nd7 7. O-O c5 8. c3
Rc8 9. Be3 c4 10. Qc2 Ne7 11. Ng5 f5 12. Nxe6 Qb6 13. Ng5 h6 14. Nh3 g6 15. b3
Bg7 16. Nd2 O-O 17. bxc4 g5 18. c5 Qc7 19. Nb3 f4 20. Bd2 Nc6 21. f3 Na5 22. Nf2
Nc4 23. Ng4 h5 24. Nf2 Qd8 25. Rfe1 Rc6 26. e6 1-0

[Event "AUTO-OPEN-08"]
[Site "http://www.queenalice.com/game.php?id=1326"]
[Date "2004.10.21"]
[Round "1"]
[White "trainspoti"]
[Black "neves"]
[Result "0-1"]
[WhiteElo "1253"]
[BlackElo "1467"]

1. e4 e5 2. Nf3 f6 3. d4 c5 4. dxe5 Qe7 5. exf6 gxf6 6. Bc4 Qxe4+ 7. Qe2 Qxe2+
8. Bxe2 d6 9. O-O Bg4 10. Re1 Bxf3 11. Bxf3+ Be7 12. Bxb7 Na6 13. Bxa8 Nh6 14.
Bxh6 Kd7 15. Bb7 Nb4 16. Be4 d5 17. Bf5+ Kd6 18. Re6+ Kd7 19. Rxf6+ Kd8 20. Re6
Bh4 21. Nc3 Rg8 22. Nxd5 Nxd5 23. Rd6+ Ke8 24. Re1+ Ne7 25. Bd7+ Kf7 0-1

[Event "AUTO-OPEN-08"]
[Site "http://www.queenalice.com/game.php?id=1327"]
[Date "2004.10.21"]
[Round "1"]
[White "neves"]
[Black "trainspoti"]
[Result "1-0"]
[WhiteElo "1459"]
[BlackElo "1268"]

1. e4 c6 2. c4 d5 3. cxd5 cxd5 4. f3 dxe4 5. fxe4 e5 6. Bc4 Qd4 7. d3 Bc5 8. Ne2
Qf2+ 9. Kd2 Be3+ 10. Kc3 Nc6 11. Bxe3 Qxe3 12. Nd2 Be6 13. Bxe6 fxe6 14. Nc4 Qc5
15. d4 Qb4+ 16. Kd3 O-O-O 17. Qd2 Qxd2+ 18. Kxd2 exd4 19. Nf4 e5 20. Nd5 Nf6 21.
Nxf6 gxf6 22. Rhf1 Rhg8 23. g3 b5 24. Na3 a6 25. Rac1 1-0

[Event "AUTO-ADV-03"]
[Site "http://www.queenalice.com/game.php?id=1770"]
[Date "2004.11.7"]
[Round "1"]
[White "mandaragit"]
[Black "trainspoti"]
[Result "1-0"]
[WhiteElo "1878"]
[BlackElo "1286"]

1. d4 c6 2. c4 d5 3. Nf3 Bg4 4. Ne5 Bh5 5. cxd5 Qxd5 6. Nc3 Qa5 7. f3 e6 8. e4
Bb4 9. Qb3 Bxc3+ 10. bxc3 Nf6 11. Ba3 Nbd7 12. Nc4 Qb6 13. Nxb6 Nxb6 14. Be2 1-0

[Event "AUTO-ADV-03"]
[Site "http://www.queenalice.com/game.php?id=1771"]
[Date "2004.11.7"]
[Round "1"]
[White "trainspoti"]
[Black "mandaragit"]
[Result "0-1"]
[WhiteElo "1220"]
[BlackElo "1916"]

1. e4 e6 2. d4 d5 3. exd5 exd5 4. Nf3 Nf6 5. Bg5 Be7 6. Bd3 O-O 7. O-O Bg4 8.
Nbd2 Nbd7 9. h3 Bh5 10. g4 Bg6 11. Bxg6 hxg6 12. Ne5 c6 13. c4 dxc4 14. Ndxc4
Nb6 15. b3 Nbd5 16. h4 Nd7 0-1

[Event "AUTO-ADV-03"]
[Site "http://www.queenalice.com/game.php?id=1776"]
[Date "2004.11.7"]
[Round "1"]
[White "catalan"]
[Black "trainspoti"]
[Result "1-0"]
[WhiteElo "1546"]
[BlackElo "1229"]

1. e4 c6 2. Nf3 d5 3. exd5 cxd5 4. d4 Bg4 5. Be2 Nc6 6. Nc3 e6 7. h3 Bh5 8. g4
Bg6 9. Bg5 Be7 10. Bxe7 Ngxe7 11. h4 h6 12. Bd3 Bxd3 13. Qxd3 Nb4 14. Qd2 O-O
15. h5 Nec6 16. g5 e5 17. gxh6 1-0

[Event "AUTO-ADV-03"]
[Site "http://www.queenalice.com/game.php?id=1777"]
[Date "2004.11.7"]
[Round "1"]
[White "trainspoti"]
[Black "catalan"]
[Result "0-1"]
[WhiteElo "1224"]
[BlackElo "1549"]

1. e4 e5 2. Nf3 d6 3. d4 f6 4. dxe5 fxe5 5. Bg5 Nf6 6. Bc4 Bg4 7. O-O Nc6 8. h3
Bh5 9. Bxf6 Qxf6 10. Nc3 Nd4 11. Nd5 Qg6 12. Be2 Nxe2+ 13. Qxe2 Bxf3 14. Qxf3
Rc8 15. c4 c6 16. Ne3 Be7 0-1